02162agaaa2200325 45000010005000000030009000050050017000140070009000310080040000400400023000800410013001031000051001161300017001672400024001842450169002082460017003772500022003942600123004163000034005395080185005735110089007585200653008475380016015005460013015166500059015297000063015887000057016517000063017087000065017714816IT-RoPAU20220918181246.0d cvaizq50131s9999||||xx ||| | || ||und|| aIT-RoPAUcIT-RoPAU aITALIANO aTarantino QuentingCodice regista SPICS: 42150 aPULP FICTION aPULP FICTIONgT2932 aPULP FICTIONcProdotto da: Bender Lawrence -- Sceneggiatura: Tarantino Quentin -- Diretto da: Tarantino QuentinpPULP FICTION (Rif. Codice opera principale : H4816) aPULP FICTION aEdizione Standard a(USA)bBAND APART - JERSEY FILMS / Distribuzione: MESSAGGERIE LAZIALIg"2003 (1° ed.: 2003 ; Ed. Lingua Orig.: 1994)" aDVDbsonoro, col.c147 minuti a"Fotografia: Sekula Andrzej; Montaggio: Menke Sally; Musica: Rachtman Karyn; Sceneggiatura: Tarantino Quentin; Scenografia: Wasco Sandy; Soggetto: Tarantino Quentin -- Avary Roger" a"Travola John; Jackson Samuel; Thurman Uma; Keitel Harvey; Roth Tim; Plummer Amanda" a"UNA COPPIA DI DELINQUENTI, DUE KILLER ""IN BIANCO E NERO"" CHE SBRIGANO ALLEGRAMENTE LE LORO PRATICHE DI ESATTORI-ESECUTORI, LA MOGLIE DI UN BOSS ALLE PRESE CON LA NOIA E LA COCAINA, UN PUGILE CHE DEVE LASCIARE IN FRETTA E FURIA LA CITTA' MA CHE DEVE PRIMA RECUPERARE L'OROLOGIO REGALATOGLI DAL PADRE..STORIE E PERSONAGGI CHE INCROCIANO LE LORO ESISTENZE IN UN FILM CHE E' GIA' DIVENTATO UN CLASSICO DELLA STORIA DEL CINEMA E ANCHE UN MODELLO CULTURALE DI FINE SECOLO.VINCITORE DELLA PALMA D'ORO AL FESTIVAL DI CANNES E OSCAR PER LA MIGLIORE SCENEGGIATURA ORIGINALE.CONTRIBUTI EXTRA: BIOGRAFIE E FILMOGRAFIE DEL REGISTA E DEGLI ATTORI PRINCIPALI." aPAL, STEREO aITALIANO aDRAMMATICOeDVD-FILM [DVD]xCodice MATERIA SPICS: 9947 aAvary Roger e(soggetto)gCodice Soggetto 2° SPICS: 44714 aRachtman Karyne(musica)gCodice Musica SPICS: 57851 aTarantino Quentin e(regista)gCodice regista SPICS: 42150 aTarantino Quentin e(soggetto)gCodice Soggetto SPICS: 42150